000 00319nam a2200133Ia 4500
008 150201s2005 xx 000 0 und d
082 _a616.07
_bG05C
100 _aCHAUDHARY,SR
245 2 _aA GUIDE TO PATHOLOGY
250 _a8TH
260 _bJAYPEE BROTHERS
_aDELHI
_c2005
650 _aPATHOLOGY
942 _2ddc
_cBK
_03
999 _c1055
_d1055